| 000 | 00836cam a2200253 a 4500 | ||
|---|---|---|---|
| 008 | |||
| 020 | _a185715049X (hbk.) | ||
| 049 | _aMAIN | ||
| 050 | 0 | 0 |
_aPR6019.O9 _bJOY |
| 100 | 1 | _aJoyce, James. | |
| 245 | 1 | 0 |
_aDubliners / _cJames Joyce. |
| 260 |
_aNew York : _bKnopf : _bDistributed by Random House, _c1991. |
||
| 300 |
_alxvii, 287 p. ; _c21 cm. |
||
| 440 |
_aEveryman's library ; _v49. |
||
| 500 | _a"The corrected text by Robert Scholes in consultation with Richard Ellmann"--T.p. verso. | ||
| 500 | _aIntroduction signed: John S. Kelly. | ||
| 504 | _aIncludes bibliographical references. | ||
| 651 | 0 |
_aDublin (Ireland) _xSocial life and customs _xFiction. |
|
| 907 |
_a.b10207399 _b16-04-12 _c13-07-06 |
||
| 003 | |||
| 005 | 20230123134227.0 | ||
| 040 | _cNUST | ||
| 942 | _cBOOKS | ||
| 999 |
_c162226 _d162226 |
||